[Event "Baku Chess Olympiad | Open"]
[Site "chess24.com"]
[Date "2016.09.12"]
[Round "10"]
[White "Soares, Erikson Roberto Mauricio"]
[Black "Ermeni, Avni"]
[Result "1-0"]
[Board "3"]
[WhiteID "10100091"]
[WhiteElo "2274"]
[WhiteTitle "IM"]
[WhiteCountry "ANG"]
[WhiteFideId "10100091"]
[WhiteEloChange "10"]
[BlackID "912840"]
[BlackElo "2270"]
[BlackTitle "FM"]
[BlackCountry "KOS"]
[BlackFideId "912840"]
[BlackEloChange "-10"]

1. Nf3 {[%clk 1:30:18]} Nf6 {[%clk 1:30:43]} 2. g3 {[%clk 1:30:41]} b5 {[%clk
1:30:54]} 3. Bg2 {[%clk 1:31:04]} Bb7 {[%clk 1:31:20]} 4. d4 {[%clk 1:31:11]} e6
{[%clk 1:31:44]} 5. O-O {[%clk 1:31:21]} c5 {[%clk 1:31:06]} 6. c4 {[%clk
1:29:24]} b4 {[%clk 1:24:29]} 7. d5 {[%clk 1:29:44]} exd5 {[%clk 1:21:57]} 8. Nh4
{[%clk 1:30:00]} Be7 {[%clk 1:21:57]} 9. cxd5 {[%clk 1:30:18]} d6 {[%clk
1:16:20]} 10. Nf5 {[%clk 1:30:15]} O-O {[%clk 1:16:43]} 11. e4 {[%clk 1:28:01]}
Re8 {[%clk 1:10:39]} 12. e5 {[%clk 1:26:16]} Nfd7 {[%clk 0:56:22]} 13. exd6
{[%clk 1:12:15]} Bf6 {[%clk 0:52:28]} 14. Nd2 {[%clk 1:12:21]} Ne5 {[%clk
0:38:39]} 15. Ne4 {[%clk 1:09:35]} Nbd7 {[%clk 0:32:17]} 16. Re1 {[%clk 1:05:01]}
c4 {[%clk 0:20:05]} 17. Re3 {[%clk 0:50:46]} Nd3 {[%clk 0:15:22]} 18. Qg4 {[%clk
0:38:50]} N7e5 {[%clk 0:13:40]} 19. Qe2 {[%clk 0:39:13]} Nd7 {[%clk 0:07:32]} 20.
Nxf6+ {[%clk 0:35:34]} Nxf6 {[%clk 0:07:48]} 21. Re7 {[%clk 0:35:43]} Rxe7 {[%clk
0:05:05]} 22. dxe7 {[%clk 0:09:35]} Qd7 {[%clk 0:05:25]} 23. Bg5 {[%clk 0:08:56]}
Qxf5 {[%clk 0:04:01]} 24. Bxf6 {[%clk 0:08:05]} Re8 {[%clk 0:04:28]} 25. Qf3
{[%clk 0:02:19]} Qd7 {[%clk 0:03:54]} 26. Qh5 {[%clk 0:02:02]} Bc8 {[%clk
0:02:15]} 27. Qg5 {[%clk 0:01:55]} Qg4 {[%clk 0:02:44]} 28. Qxg4 {[%clk 0:01:38]}
Bxg4 {[%clk 0:03:09]} 29. d6 {[%clk 0:02:06]} Bd7 {[%clk 0:03:03]} 30. Bd4 {[%clk
0:02:29]} Rc8 {[%clk 0:02:52]} 31. Bb7 {[%clk 0:01:56]} Rb8 {[%clk 0:01:55]} 32.
Ba6 {[%clk 0:02:24]} Nxb2 {[%clk 0:02:09]} 33. Bxb2 {[%clk 0:02:22]} c3 {[%clk
0:02:36]} 34. Bc1 {[%clk 0:02:34]} Rb6 {[%clk 0:03:04]} 35. Bc8 {[%clk 0:02:48]}
1-0

[Event "Baku Chess Olympiad | Open"]
[Site "chess24.com"]
[Date "2016.09.12"]
[Round "10"]
[White "Sadiku, Bedri"]
[Black "Aguiar, Cristiano"]
[Result "*"]
[Board "4"]
[WhiteID "915998"]
[WhiteElo "2189"]
[WhiteTitle "IM"]
[WhiteCountry "KOS"]
[WhiteFideId "915998"]
[BlackID "10100911"]
[BlackElo "2208"]
[BlackTitle "FM"]
[BlackCountry "ANG"]
[BlackFideId "10100911"]

1. Nf3 {[%clk 1:30:54]} d5 {[%clk 1:30:45]} 2. b4 {[%clk 1:28:54]} e6 {[%clk
1:30:45]} 3. Bb2 {[%clk 1:29:16]} Nf6 {[%clk 1:31:08]} 4. a3 {[%clk 1:29:37]} c5
{[%clk 1:26:41]} 5. bxc5 {[%clk 1:28:52]} Bxc5 {[%clk 1:27:09]} 6. e3 {[%clk
1:29:13]} O-O {[%clk 1:25:15]} 7. c4 {[%clk 1:27:35]} Nc6 {[%clk 1:24:42]} 8.
cxd5 {[%clk 1:27:18]} exd5 {[%clk 1:24:29]} 9. d3 {[%clk 1:26:53]} Re8 {[%clk
1:23:52]} 10. Be2 {[%clk 1:27:13]} Ng4 {[%clk 1:20:30]} 11. d4 {[%clk 1:21:33]}
Bd6 {[%clk 1:17:22]} 12. h3 {[%clk 1:18:41]} Nh6 {[%clk 1:17:41]} 13. Nc3 {[%clk
1:18:43]} Be6 {[%clk 1:18:06]} 14. O-O {[%clk 1:15:05]} f5 {[%clk 1:17:20]} 15.
Na4 {[%clk 1:11:06]} Nf7 {[%clk 0:59:02]} 16. Nc5 {[%clk 1:07:24]} Bc8 {[%clk
0:59:22]} 17. Re1 {[%clk 1:02:06]} g5 {[%clk 0:56:49]} 18. g3 {[%clk 0:57:05]} g4
{[%clk 0:43:16]} 19. Nh2 {[%clk 0:52:55]} gxh3 {[%clk 0:36:24]} 20. Bf3 {[%clk
0:49:41]} Ne7 {[%clk 0:32:20]} 21. Nd3 {[%clk 0:47:03]} Ng5 {[%clk 0:31:36]} 22.
Nf4 {[%clk 0:42:11]} Ne4 {[%clk 0:30:10]} 23. Bh5 {[%clk 0:41:05]} Rf8 {[%clk
0:27:58]} 24. Nxh3 {[%clk 0:38:08]} Ng6 {[%clk 0:28:03]} 25. Nf4 {[%clk 0:35:38]}
Qg5 {[%clk 0:22:33]} 26. Nf3 {[%clk 0:35:33]} Qh6 {[%clk 0:23:01]} 27. Ne5 {[%clk
0:35:25]} Nxf4 {[%clk 0:20:39]} 28. exf4 {[%clk 0:35:32]} Be6 {[%clk 0:11:08]}
29. Kg2 {[%clk 0:35:22]} Rac8 {[%clk 0:10:31]} 30. Rh1 {[%clk 0:35:24]} Qg7
{[%clk 0:09:52]} 31. Qb3 {[%clk 0:32:08]} Qc7 {[%clk 0:07:07]} 32. Rac1 {[%clk
0:31:19]} Qb6 {[%clk 0:05:28]} 33. Qxb6 {[%clk 0:28:46]} axb6 {[%clk 0:05:56]}
34. Rhd1 {[%clk 0:27:53]} b5 {[%clk 0:02:07]} 35. Be2 {[%clk 0:28:11]} b4 {[%clk
0:02:35]} 36. axb4 {[%clk 0:26:34]} Bxb4 {[%clk 0:03:03]} 37. Bd3 {[%clk
0:23:28]} Rxc1 {[%clk 0:01:28]} 38. Rxc1 {[%clk 0:23:50]} Ra8 {[%clk 0:01:11]}
39. Nf3 {[%clk 0:21:55]} Ra2 {[%clk 0:01:32]} 40. Rc2 {[%clk 0:52:24]} Bd6 {[%clk
0:31:17]} 41. Bc1 {[%clk 0:51:39]} Rxc2 {[%clk 0:29:27]} 42. Bxc2 {[%clk
0:52:08]} b5 {[%clk 0:29:01]} 43. Nh4 {[%clk 0:52:27]} Bb4 {[%clk 0:19:23]} *

[Event "Baku Chess Olympiad | Open"]
[Site "chess24.com"]
[Date "2016.09.12"]
[Round "10"]
[White "Rehan, Deng Cypriano"]
[Black "Al Ghamdi, Ahmed M"]
[Result "0-1"]
[Board "1"]
[WhiteID "32500084"]
[WhiteElo "1899"]
[WhiteCountry "SSD"]
[WhiteFideId "32500084"]
[WhiteEloChange "-3"]
[BlackID "21500150"]
[BlackElo "2192"]
[BlackCountry "KSA"]
[BlackFideId "21500150"]
[BlackEloChange "3"]

1. d4 {[%clk 1:30:54]} d5 {[%clk 1:30:54]} 2. c4 {[%clk 1:31:17]} c6 {[%clk
1:31:19]} 3. Nc3 {[%clk 1:30:54]} Nf6 {[%clk 1:31:37]} 4. e3 {[%clk 1:30:32]} e6
{[%clk 1:31:00]} 5. Nf3 {[%clk 1:30:44]} Nbd7 {[%clk 1:31:21]} 6. Be2 {[%clk
1:29:56]} Bd6 {[%clk 1:30:49]} 7. O-O {[%clk 1:29:57]} O-O {[%clk 1:31:12]} 8. b3
{[%clk 1:27:28]} b6 {[%clk 1:29:12]} 9. Bb2 {[%clk 1:26:25]} Bb7 {[%clk 1:29:22]}
10. cxd5 {[%clk 1:26:02]} exd5 {[%clk 1:27:45]} 11. Bd3 {[%clk 1:24:20]} Re8
{[%clk 1:24:17]} 12. Rc1 {[%clk 1:22:14]} Rc8 {[%clk 1:24:14]} 13. Bf5 {[%clk
1:20:48]} Rc7 {[%clk 1:21:59]} 14. Re1 {[%clk 1:17:53]} g6 {[%clk 1:20:31]} 15.
Bh3 {[%clk 1:13:32]} Ne4 {[%clk 1:18:02]} 16. g3 {[%clk 1:10:54]} Ndf6 {[%clk
1:12:18]} 17. Re2 {[%clk 1:04:31]} Nxc3 {[%clk 1:08:08]} 18. Rxc3 {[%clk
1:04:33]} Ne4 {[%clk 1:00:36]} 19. Rc1 {[%clk 1:04:22]} Ng5 {[%clk 0:56:53]} 20.
Nxg5 {[%clk 1:04:01]} Qxg5 {[%clk 0:57:11]} 21. Rec2 {[%clk 1:03:02]} h5 {[%clk
0:57:27]} 22. Qf3 {[%clk 0:56:07]} c5 {[%clk 0:53:32]} 23. Ba3 {[%clk 0:51:48]}
Rce7 {[%clk 0:50:00]} 24. Bg2 {[%clk 0:42:51]} h4 {[%clk 0:34:57]} 25. gxh4
{[%clk 0:37:26]} Qxh4 {[%clk 0:34:40]} 26. Qh3 {[%clk 0:36:27]} Qg5 {[%clk
0:31:41]} 27. Qf3 {[%clk 0:30:01]} Re4 {[%clk 0:23:53]} 28. h3 {[%clk 0:13:13]}
Bb8 {[%clk 0:17:40]} 29. Bb2 {[%clk 0:12:30]} c4 {[%clk 0:16:08]} 30. Rd1 {[%clk
0:07:54]} b5 {[%clk 0:15:59]} 31. bxc4 {[%clk 0:07:09]} dxc4 {[%clk 0:15:21]} 32.
d5 {[%clk 0:06:48]} Bxd5 {[%clk 0:09:50]} 33. Bf6 {[%clk 0:06:27]} Rxe3 {[%clk
0:10:02]} 34. fxe3 {[%clk 0:03:32]} Bxf3 {[%clk 0:09:35]} 35. Bxg5 {[%clk
0:03:45]} Bxd1 {[%clk 0:10:03]} 36. Rd2 {[%clk 0:03:46]} Ba4 {[%clk 0:09:42]} 37.
Bc6 {[%clk 0:02:12]} Rc8 {[%clk 0:08:32]} 38. Bf6 {[%clk 0:02:02]} Bg3 {[%clk
0:05:05]} 39. Rd7 {[%clk 0:02:05]} Bh4 {[%clk 0:04:56]} 40. Bd5 {[%clk 0:31:00]}
Bxf6 {[%clk 0:34:28]} 41. Bxf7+ {[%clk 0:27:50]} Kh8 {[%clk 0:31:54]} 42. Bxg6
{[%clk 0:24:30]} c3 {[%clk 0:32:18]} 43. Kf2 {[%clk 0:23:41]} c2 {[%clk 0:32:23]}
44. Bxc2 {[%clk 0:23:57]} Rxc2+ {[%clk 0:32:51]} 45. Kg3 {[%clk 0:23:45]} Rxa2
{[%clk 0:33:18]} 46. Rxa7 {[%clk 0:23:26]} Be5+ {[%clk 0:33:28]} 47. Kh4 {[%clk
0:23:07]} Rg2 {[%clk 0:33:35]} 48. Rf7 {[%clk 0:21:35]} Bc2 {[%clk 0:33:10]} 49.
e4 {[%clk 0:15:16]} Bd4 {[%clk 0:33:09]} 50. Rf1 {[%clk 0:15:15]} Bf2+ {[%clk
0:33:11]} 51. Kh5 {[%clk 0:14:59]} Bxe4 {[%clk 0:33:39]} 52. Kh6 {[%clk 0:14:37]}
Be3+ {[%clk 0:33:25]} 53. Kh5 {[%clk 0:14:35]} Bg6+ {[%clk 0:33:36]} 54. Kh4
{[%clk 0:14:58]} Bg5# {[%clk 0:34:02]} 0-1

[Event "Baku Chess Olympiad | Open"]
[Site "chess24.com"]
[Date "2016.09.12"]
[Round "10"]
[White "Li Ying, Patrick"]
[Black "Ayyad, Husain"]
[Result "1-0"]
[Board "1"]
[WhiteID "9700056"]
[WhiteElo "2131"]
[WhiteTitle "CM"]
[WhiteCountry "MRI"]
[WhiteFideId "9700056"]
[WhiteEloChange "11"]
[BlackID "11200243"]
[BlackElo "2176"]
[BlackTitle "FM"]
[BlackCountry "BRN"]
[BlackFideId "11200243"]
[BlackEloChange "-11"]

1. d4 {[%clk 1:30:55]} Nf6 {[%clk 1:30:09]} 2. Nf3 {[%clk 1:31:07]} b6 {[%clk
1:28:20]} 3. Bf4 {[%clk 1:31:20]} g6 {[%clk 1:28:07]} 4. e3 {[%clk 1:31:20]} Bg7
{[%clk 1:28:30]} 5. Be2 {[%clk 1:32:13]} d6 {[%clk 1:28:53]} 6. O-O {[%clk
1:32:33]} O-O {[%clk 1:29:13]} 7. h3 {[%clk 1:32:46]} Nfd7 {[%clk 1:25:49]} 8. c4
{[%clk 1:24:24]} c5 {[%clk 1:12:36]} 9. Nc3 {[%clk 1:23:55]} Nc6 {[%clk 1:07:34]}
10. d5 {[%clk 1:22:30]} Na5 {[%clk 0:58:20]} 11. Qd2 {[%clk 1:22:00]} a6 {[%clk
0:46:22]} 12. e4 {[%clk 1:17:31]} Rb8 {[%clk 0:37:10]} 13. Bh6 {[%clk 1:16:21]}
Ne5 {[%clk 0:32:08]} 14. Nxe5 {[%clk 1:16:31]} dxe5 {[%clk 0:28:45]} 15. Bxg7
{[%clk 1:15:55]} Kxg7 {[%clk 0:29:14]} 16. f4 {[%clk 1:15:56]} Qd6 {[%clk
0:29:37]} 17. Rf2 {[%clk 1:12:13]} Nc6 {[%clk 0:28:42]} 18. f5 {[%clk 1:09:28]}
Nd4 {[%clk 0:25:19]} 19. Raf1 {[%clk 1:09:41]} f6 {[%clk 0:25:38]} 20. g4 {[%clk
1:08:55]} b5 {[%clk 0:23:53]} 21. h4 {[%clk 1:05:10]} Bd7 {[%clk 0:02:57]} 22.
Rg2 {[%clk 1:01:42]} bxc4 {[%clk 0:03:20]} 23. Bxc4 {[%clk 1:00:42]} Rb4 {[%clk
0:03:02]} 24. b3 {[%clk 1:01:01]} Bb5 {[%clk 0:03:13]} 25. g5 {[%clk 0:53:49]}
Bxc4 {[%clk 0:03:36]} 26. bxc4 {[%clk 0:54:14]} Rfb8 {[%clk 0:02:21]} 27. gxf6+
{[%clk 0:51:05]} exf6 {[%clk 0:02:11]} 28. Nd1 {[%clk 0:50:22]} Rxc4 {[%clk
0:00:51]} 29. Ne3 {[%clk 0:50:45]} Rcb4 {[%clk 0:01:20]} 30. fxg6 {[%clk
0:50:00]} h5 {[%clk 0:01:09]} 31. Qxd4 {[%clk 0:49:16]} exd4 {[%clk 0:01:09]} 32.
Nf5+ {[%clk 0:49:38]} 1-0

[Event "Baku Chess Olympiad | Open"]
[Site "chess24.com"]
[Date "2016.09.12"]
[Round "10"]
[White "Ayyad, Maher"]
[Black "Chinasamy, Devarajen"]
[Result "1-0"]
[Board "2"]
[WhiteID "11200235"]
[WhiteElo "2076"]
[WhiteTitle "FM"]
[WhiteCountry "BRN"]
[WhiteFideId "11200235"]
[WhiteEloChange "8"]
[BlackID "9700072"]
[BlackElo "2018"]
[BlackTitle "CM"]
[BlackCountry "MRI"]
[BlackFideId "9700072"]
[BlackEloChange "-8"]

1. d4 {[%clk 1:30:57]} Nf6 {[%clk 1:30:53]} 2. Nf3 {[%clk 1:31:22]} g6 {[%clk
1:31:05]} 3. g3 {[%clk 1:31:22]} Bg7 {[%clk 1:31:19]} 4. Bg2 {[%clk 1:31:48]} O-O
{[%clk 1:31:42]} 5. O-O {[%clk 1:32:15]} d6 {[%clk 1:32:00]} 6. b3 {[%clk
1:32:31]} Nc6 {[%clk 1:29:00]} 7. Bb2 {[%clk 1:32:42]} Nd7 {[%clk 1:28:40]} 8. e4
{[%clk 1:30:07]} e5 {[%clk 1:28:29]} 9. c4 {[%clk 1:30:11]} Qe7 {[%clk 1:23:09]}
10. d5 {[%clk 1:30:12]} Ncb8 {[%clk 1:22:16]} 11. Nc3 {[%clk 1:29:00]} a5 {[%clk
1:22:17]} 12. a3 {[%clk 1:28:33]} Na6 {[%clk 1:22:35]} 13. b4 {[%clk 1:28:46]}
Nf6 {[%clk 1:19:11]} 14. Qb3 {[%clk 1:25:54]} Bd7 {[%clk 1:15:41]} 15. Rac1
{[%clk 1:23:43]} h5 {[%clk 1:08:07]} 16. Rc2 {[%clk 1:23:24]} Nh7 {[%clk
1:02:26]} 17. Re2 {[%clk 1:18:56]} Bg4 {[%clk 0:59:07]} 18. h3 {[%clk 1:19:15]}
Bd7 {[%clk 0:59:32]} 19. Kh2 {[%clk 1:11:14]} Ng5 {[%clk 0:53:49]} 20. Nxg5
{[%clk 1:07:04]} Qxg5 {[%clk 0:54:12]} 21. Bc1 {[%clk 1:05:33]} Qe7 {[%clk
0:54:08]} 22. Be3 {[%clk 1:05:34]} b6 {[%clk 0:45:27]} 23. Nb5 {[%clk 0:57:59]}
axb4 {[%clk 0:38:41]} 24. axb4 {[%clk 0:57:20]} Qe8 {[%clk 0:39:07]} 25. Ra1
{[%clk 0:56:38]} Bxb5 {[%clk 0:35:23]} 26. Rea2 {[%clk 0:49:22]} Nc5 {[%clk
0:25:54]} 27. bxc5 {[%clk 0:49:12]} Rxa2 {[%clk 0:25:51]} 28. Rxa2 {[%clk
0:49:36]} Bd7 {[%clk 0:24:06]} 29. cxd6 {[%clk 0:49:48]} cxd6 {[%clk 0:24:15]}
30. Qxb6 {[%clk 0:50:06]} Qc8 {[%clk 0:21:29]} 31. Ra7 {[%clk 0:49:23]} Rd8
{[%clk 0:20:47]} 32. Qxd6 {[%clk 0:49:11]} Be8 {[%clk 0:11:08]} 33. Qc7 {[%clk
0:48:58]} Bf8 {[%clk 0:10:46]} 34. c5 {[%clk 0:48:37]} Qxc7 {[%clk 0:10:14]} 35.
Rxc7 {[%clk 0:48:55]} f6 {[%clk 0:08:57]} 36. Bf1 {[%clk 0:48:55]} Bf7 {[%clk
0:08:55]} 37. Ba6 {[%clk 0:48:53]} Ra8 {[%clk 0:06:34]} 38. Bb7 {[%clk 0:48:08]}
Rb8 {[%clk 0:05:20]} 39. d6 {[%clk 0:48:17]} Be6 {[%clk 0:05:16]} 40. Bd5 {[%clk
1:18:30]} Bxd5 {[%clk 0:35:19]} 41. exd5 {[%clk 1:18:54]} Rd8 {[%clk 0:35:37]}
42. d7 {[%clk 1:18:46]} Kf7 {[%clk 0:35:35]} 43. Rb7 {[%clk 1:19:01]} Be7 {[%clk
0:35:04]} 44. c6 {[%clk 1:19:23]} Bd6 {[%clk 0:35:21]} 45. Bc5 {[%clk 1:19:30]}
1-0

[Event "Baku Chess Olympiad | Open"]
[Site "chess24.com"]
[Date "2016.09.12"]
[Round "10"]
[White "Koster, Jeroen Louis"]
[Black "Darwish, Hashim"]
[Result "1-0"]
[Board "3"]
[WhiteID "9700161"]
[WhiteElo "1879"]
[WhiteCountry "MRI"]
[WhiteFideId "9700161"]
[WhiteEloChange "7"]
[BlackID "11201258"]
[BlackElo "1766"]
[BlackCountry "BRN"]
[BlackFideId "11201258"]
[BlackEloChange "-7"]

1. e4 {[%clk 1:30:51]} e5 {[%clk 1:30:51]} 2. Nf3 {[%clk 1:31:10]} Nc6 {[%clk
1:31:17]} 3. d4 {[%clk 1:30:53]} exd4 {[%clk 1:31:20]} 4. Bc4 {[%clk 1:31:18]}
Bb4+ {[%clk 1:30:43]} 5. c3 {[%clk 1:31:42]} dxc3 {[%clk 1:28:46]} 6. bxc3 {[%clk
1:32:09]} Be7 {[%clk 1:28:46]} 7. Qd5 {[%clk 1:28:50]} Nh6 {[%clk 1:27:12]} 8.
Bxh6 {[%clk 1:24:54]} O-O {[%clk 1:27:35]} 9. Be3 {[%clk 1:15:48]} d6 {[%clk
1:26:17]} 10. Qh5 {[%clk 1:09:29]} Be6 {[%clk 1:24:53]} 11. Nbd2 {[%clk 1:07:23]}
Bf6 {[%clk 1:24:10]} 12. Bxe6 {[%clk 0:56:01]} fxe6 {[%clk 1:24:05]} 13. Nd4
{[%clk 0:56:27]} Qe8 {[%clk 1:20:58]} 14. Qxe8 {[%clk 0:52:48]} Rfxe8 {[%clk
1:21:18]} 15. Rb1 {[%clk 0:51:57]} Na5 {[%clk 1:18:24]} 16. Nb5 {[%clk 0:42:20]}
Re7 {[%clk 1:15:36]} 17. Bd4 {[%clk 0:41:34]} Bxd4 {[%clk 1:04:32]} 18. cxd4
{[%clk 0:40:01]} d5 {[%clk 1:04:31]} 19. e5 {[%clk 0:37:56]} a6 {[%clk 1:03:53]}
20. Nc3 {[%clk 0:35:32]} Rf8 {[%clk 1:03:49]} 21. O-O {[%clk 0:31:15]} Rf4 {[%clk
0:58:50]} 22. Ne2 {[%clk 0:31:34]} Rf8 {[%clk 0:58:15]} 23. Rfc1 {[%clk 0:31:47]}
b5 {[%clk 0:56:07]} 24. Rb4 {[%clk 0:26:04]} Nc4 {[%clk 0:55:08]} 25. Nxc4 {[%clk
0:25:08]} dxc4 {[%clk 0:55:24]} 26. a4 {[%clk 0:25:21]} c6 {[%clk 0:55:48]} 27.
axb5 {[%clk 0:25:09]} axb5 {[%clk 0:52:01]} 28. Ra1 {[%clk 0:25:37]} Ree8 {[%clk
0:52:20]} 29. Kf1 {[%clk 0:23:27]} Ra8 {[%clk 0:52:33]} 30. Rbb1 {[%clk 0:23:50]}
Kf7 {[%clk 0:52:33]} 31. Ke1 {[%clk 0:24:17]} Ke7 {[%clk 0:51:05]} 32. f3 {[%clk
0:24:46]} Kd7 {[%clk 0:49:22]} 33. Kd2 {[%clk 0:25:04]} Kc7 {[%clk 0:49:31]} 34.
Kc3 {[%clk 0:25:29]} Kb6 {[%clk 0:49:52]} 35. Ng3 {[%clk 0:23:47]} c5 {[%clk
0:44:08]} 36. dxc5+ {[%clk 0:23:53]} Kxc5 {[%clk 0:44:29]} 37. Ne4+ {[%clk
0:24:08]} Kc6 {[%clk 0:44:43]} 38. Nd6 {[%clk 0:23:00]} Rxa1 {[%clk 0:42:46]} 39.
Rxa1 {[%clk 0:23:28]} Kd5 {[%clk 0:40:41]} 40. Ra5 {[%clk 0:52:46]} Kxe5 {[%clk
1:11:24]} 41. Nxb5 {[%clk 0:53:15]} Kf4 {[%clk 1:10:45]} 42. Nd6 {[%clk 0:50:47]}
Rf6 {[%clk 1:08:47]} 43. Rh5 {[%clk 0:42:53]} Rg6 {[%clk 1:04:05]} 44. Rh4+
{[%clk 0:42:52]} Ke3 {[%clk 1:04:12]} 45. Nxc4+ {[%clk 0:43:16]} Kf2 {[%clk
1:04:27]} 46. g3 {[%clk 0:43:44]} Rf6 {[%clk 1:01:34]} 47. Ne5 {[%clk 0:43:47]}
Rf5 {[%clk 1:01:18]} 48. Kd4 {[%clk 0:43:54]} h6 {[%clk 1:01:34]} 49. Ke4 {[%clk
0:43:05]} Kg2 {[%clk 1:00:48]} 50. f4 {[%clk 0:36:44]} h5 {[%clk 0:59:22]} 51. g4
{[%clk 0:35:33]} hxg4 {[%clk 0:59:28]} 52. Rxg4+ {[%clk 0:35:52]} Kxh2 {[%clk
0:59:10]} 53. Rxg7 {[%clk 0:36:19]} 1-0

[Event "Baku Chess Olympiad | Open"]
[Site "chess24.com"]
[Date "2016.09.12"]
[Round "10"]
[White "Rayes, Abdul Kader"]
[Black "Eichab, Charles"]
[Result "*"]
[Board "1"]
[WhiteID "7600801"]
[WhiteElo "2254"]
[WhiteCountry "SYR"]
[WhiteFideId "7600801"]
[BlackID "15200051"]
[BlackElo "2070"]
[BlackTitle "CM"]
[BlackCountry "NAM"]
[BlackFideId "15200051"]

1. d4 {[%clk 1:30:56]} Nf6 {[%clk 1:30:45]} 2. Nf3 {[%clk 1:31:01]} e6 {[%clk
1:31:04]} 3. g3 {[%clk 1:30:41]} b6 {[%clk 1:31:21]} 4. c4 {[%clk 1:28:41]} Bb7
{[%clk 1:31:38]} 5. Bg2 {[%clk 1:28:42]} Be7 {[%clk 1:31:40]} 6. Nc3 {[%clk
1:28:58]} O-O {[%clk 1:29:30]} 7. O-O {[%clk 1:26:14]} Ne4 {[%clk 1:29:34]} 8.
Qd3 {[%clk 1:25:58]} Nxc3 {[%clk 1:27:49]} 9. Qxc3 {[%clk 1:25:36]} c5 {[%clk
1:27:40]} 10. dxc5 {[%clk 1:25:28]} bxc5 {[%clk 1:27:11]} 11. Rd1 {[%clk
1:25:40]} d6 {[%clk 1:22:14]} 12. Qc2 {[%clk 1:19:12]} Nc6 {[%clk 1:11:07]} 13.
Be3 {[%clk 1:18:43]} Qc7 {[%clk 1:09:26]} 14. h4 {[%clk 1:04:55]} f5 {[%clk
0:53:28]} 15. Bg5 {[%clk 1:04:55]} Rae8 {[%clk 0:47:27]} 16. Bxe7 {[%clk
1:04:11]} Nxe7 {[%clk 0:47:22]} 17. Qd2 {[%clk 0:59:07]} Nc8 {[%clk 0:46:17]} 18.
e3 {[%clk 0:58:34]} Rf6 {[%clk 0:43:23]} 19. Rac1 {[%clk 0:57:42]} h6 {[%clk
0:41:13]} 20. b4 {[%clk 0:54:47]} cxb4 {[%clk 0:37:45]} 21. Qxb4 {[%clk 0:54:55]}
e5 {[%clk 0:38:03]} 22. c5 {[%clk 0:43:39]} d5 {[%clk 0:34:33]} 23. Ne1 {[%clk
0:43:09]} f4 {[%clk 0:33:50]} 24. Qxb7 {[%clk 0:42:37]} Qxb7 {[%clk 0:28:15]} 25.
Bxd5+ {[%clk 0:42:50]} Qxd5 {[%clk 0:28:14]} 26. Rxd5 {[%clk 0:43:18]} fxg3
{[%clk 0:22:20]} 27. fxg3 {[%clk 0:43:36]} Ref8 {[%clk 0:22:23]} 28. Ng2 {[%clk
0:43:52]} Re8 {[%clk 0:16:58]} 29. Rc4 {[%clk 0:39:13]} Kf7 {[%clk 0:14:09]} 30.
Re4 {[%clk 0:34:41]} Rfe6 {[%clk 0:14:02]} 31. Ra4 {[%clk 0:30:28]} Rc6 {[%clk
0:13:26]} 32. e4 {[%clk 0:29:57]} Ke6 {[%clk 0:12:35]} 33. Ne3 {[%clk 0:30:00]}
Ne7 {[%clk 0:12:15]} 34. Rxa7 {[%clk 0:29:56]} Kf6 {[%clk 0:08:34]} 35. Rd6+
{[%clk 0:28:45]} *

[Event "Baku Chess Olympiad | Open"]
[Site "chess24.com"]
[Date "2016.09.12"]
[Round "10"]
[White "Mueller, Leonhard"]
[Black "Bello, Gassan"]
[Result "1-0"]
[Board "2"]
[WhiteID "15200019"]
[WhiteElo "2204"]
[WhiteTitle "FM"]
[WhiteCountry "NAM"]
[WhiteFideId "15200019"]
[WhiteEloChange "7"]
[BlackID "7600569"]
[BlackElo "2096"]
[BlackCountry "SYR"]
[BlackFideId "7600569"]
[BlackEloChange "-7"]

1. d4 {[%clk 1:30:55]} Nf6 {[%clk 1:30:48]} 2. Nf3 {[%clk 1:31:14]} d5 {[%clk
1:28:30]} 3. c4 {[%clk 1:31:33]} c6 {[%clk 1:28:56]} 4. Nc3 {[%clk 1:31:51]} e6
{[%clk 1:27:55]} 5. Bg5 {[%clk 1:32:04]} Nbd7 {[%clk 1:27:55]} 6. e3 {[%clk
1:32:08]} Be7 {[%clk 1:26:44]} 7. Bd3 {[%clk 1:31:24]} O-O {[%clk 1:26:50]} 8.
O-O {[%clk 1:31:42]} Re8 {[%clk 1:26:02]} 9. Qc2 {[%clk 1:29:56]} Nf8 {[%clk
1:24:15]} 10. Ne5 {[%clk 1:29:46]} dxc4 {[%clk 1:17:53]} 11. Bxc4 {[%clk
1:29:07]} Nd5 {[%clk 1:18:11]} 12. Bxe7 {[%clk 1:28:06]} Qxe7 {[%clk 1:18:25]}
13. Rae1 {[%clk 1:15:54]} Nb6 {[%clk 1:07:37]} 14. Bb3 {[%clk 1:15:45]} f6 {[%clk
1:05:19]} 15. Nd3 {[%clk 1:14:14]} Kh8 {[%clk 1:00:13]} 16. f4 {[%clk 1:14:21]}
Nd5 {[%clk 0:58:28]} 17. e4 {[%clk 1:09:49]} Nb4 {[%clk 0:58:06]} 18. Nxb4 {[%clk
1:05:43]} Qxb4 {[%clk 0:58:18]} 19. Rd1 {[%clk 1:05:38]} Bd7 {[%clk 0:58:18]} 20.
a3 {[%clk 1:04:25]} Qe7 {[%clk 0:54:27]} 21. Kh1 {[%clk 1:03:17]} Rad8 {[%clk
0:54:44]} 22. Ba2 {[%clk 0:46:45]} Bc8 {[%clk 0:54:12]} 23. h3 {[%clk 0:37:53]}
Qf7 {[%clk 0:42:34]} 24. f5 {[%clk 0:31:04]} Qe7 {[%clk 0:42:06]} 25. fxe6 {[%clk
0:30:27]} Nxe6 {[%clk 0:42:04]} 26. e5 {[%clk 0:19:56]} fxe5 {[%clk 0:32:05]} 27.
dxe5 {[%clk 0:20:02]} Nd4 {[%clk 0:31:20]} 28. Qe4 {[%clk 0:18:30]} c5 {[%clk
0:31:31]} 29. Rf7 {[%clk 0:14:11]} Qg5 {[%clk 0:31:24]} 30. Rdf1 {[%clk 0:14:17]}
Bd7 {[%clk 0:25:36]} 31. e6 {[%clk 0:10:19]} Bxe6 {[%clk 0:18:51]} 32. Bxe6
{[%clk 0:10:16]} Qh6 {[%clk 0:19:05]} 33. Ba2 {[%clk 0:09:11]} g6 {[%clk
0:15:44]} 34. Re7 {[%clk 0:08:21]} Rxe7 {[%clk 0:14:27]} 35. Qxe7 {[%clk
0:08:43]} Rc8 {[%clk 0:12:19]} 36. Be6 {[%clk 0:07:46]} Ra8 {[%clk 0:12:17]} 37.
Bg4 {[%clk 0:06:09]} b6 {[%clk 0:11:48]} 38. Ne4 {[%clk 0:05:06]} Qg7 {[%clk
0:11:06]} 39. Rf7 {[%clk 0:05:02]} 1-0